| Поле | Инд. | ПП | Название | Значение |
|---|---|---|---|---|
| Тип записи | a | |||
| Библиографический уровень | a | |||
| 001 | Контрольный номер | a2ba4363de1a41aa95c39b35c0b97e04 | ||
| 005 | Дата корректировки | 20190127081220.4 | ||
| 100 | a | Данные общей обработки | 20190122 ||| 0rusy0189 ca | |
| 101 | 0_ | a | Язык текста | rus |
| 102 | a | Страна публикации | RU | |
| 200 | 1_ | f | Первые сведения об ответственности | Д.А. Тоточенко |
| a | Заглавие | Процессуальные особенности рассмотрения споров об оспаривании кадастровой стоимости земельных участков | ||
| b | Общее обозначение материала | Текст | ||
| 210 | 1_ | d | Дата издания | 2018 |
| 461 | _0 | 1 | 2000 | |
| a | Арбитражный и гражданский процесс | |||
| 463 | _0 | 1 | 2000 | |
| a | № 11 | |||
| v | С. 55-60 | |||
| 1 | 2101 | |||
| d | 2018 | |||
| 1 | 001ad9d93fb9ea94785955c66b919605172 | |||
| 606 | a | Основная рубрика | Гражданское процессуальное право | |
| 610 | 0_ | a | Ключевые слова | АДМИНИСТРАТИВНОЕ СУДОПРОИЗВОДСТВО |
| a | Ключевые слова | ЗЕМЕЛЬНЫЕ СПОРЫ | ||
| a | Ключевые слова | ЗЕМЕЛЬНЫЙ КАДАСТР | ||
| a | Ключевые слова | ОЦЕНОЧНАЯ ДЕЯТЕЛЬНОСТЬ | ||
| a | Ключевые слова | ДОСУДЕБНОЕ УРЕГУЛИРОВАНИЕ СПОРОВ | ||
| 700 | _1 | a | Фамилия | Тоточенко |
| b | Имя | Д.А. | ||
| 801 | _0 | a | Страна | RU |
| b | Организация | РГУП | ||
| c | Дата составления | 20190122 | ||
| g | Правила каталогизации | PSBO | ||
| 801 | _1 | a | Страна | RU |
| b | Организация | РГУП | ||
| c | Дата составления | 20190122 | ||
| g | Правила каталогизации | PSBO | ||
| 901 | t | Тип документа | b | |
| w | Контрольный № источника | ad9d93fb9ea94785955c66b919605172 | ||
| 905 | a | Дата ввода | 20190122 |